00317nam a2200121Ia 4500008004100000041000800041082001200049100001900061245003400080260003700114300003200151365001200183240624s9999 xx 000 0 und d aeng a368 DIA aDIACON STEPHEN aGUIDE TO INSURANCE MANAGEMENT c1990aLondonbPalgrave Macmillan axxiv, : 330 : p. : cm. ; 22 cGBPb31